LIBRARY & INFORMATION CENTRE, KCAET, TAVANUR

ONLINE PUBLIC ACCESS CATALOGUE (OPAC)

Statistics for agricultural science / (Record no. 9130)

MARC details
000 -LEADER
fixed length control field 00472cam a2200181ua 4500
041 ## - LANGUAGE CODE
Language code of text/sound track or separate title eng
082 ## - DEWEY DECIMAL CLASSIFICATION NUMBER
Classification number 519.506 3
Item number RAO/ST
100 ## - MAIN ENTRY--AUTHOR NAME
Personal name Nageswara Rao, G.
245 ## - TITLE STATEMENT
Title Statistics for agricultural science /
260 ## - PUBLICATION, DISTRIBUTION, ETC. (IMPRINT)
Place of publication New Delhi :
Name of publisher Oxford & IBH Publishing company ,
Year of publication 1983.
300 ## - PHYSICAL DESCRIPTION
Number of Pages 392 ; .
942 ## - ADDED ENTRY ELEMENTS (KOHA)
Koha item type Books
Holdings
Withdrawn status Lost status Damaged status Home library Current library Date acquired Full call number Accession Number Koha item type
      KAUAET KAUAET 01/09/1986 519.506 3 RAO/ST 15520 Books
      KAUAET KAUAET 07/04/2012 519.506 3 RAO/ST 14671 Books
free website counter